Countries owned colonies - Sudden Death - Statistics

General Stats
  • This quiz has been taken 62 times
    48 since last reset
  • The average score is 6 of 13
Answers on the Grid
Answers color-coded by a green-red scale on the quiz's grid according to % correct below.
netherlands
luxembourg
china
japan
poland
denmark
USA
romania
turkey
italy
serbia
canada
belgium
sweden
spain
austria
egypt
united kingdom
brazil
portugal
 
Answer Stats
Answer % Correct
netherlands
92%
USA
72%
united kingdom
64%
belgium
58%
italy
56%
japan
56%
spain
56%
portugal
53%
denmark
47%
turkey
25%
sweden
22%
austria
14%
egypt
11%
No matching quizzes found
Score Distribution
Percent of People with Each Score
Percentile by Number Answered
Your Score History
You have not taken this quiz since the last reset